00307nam a2200121 a 4500008004100000050001700041100003300058245002400091246001900115260003200134300001000166350000900176120416s1963 ||||||||||||||||| || u aPR 6031.R6S5 aPriestley, John Baynton,189414aThe shapes of sleep aa topical tale aLondonbThe Book Clubc1963 a250p. a0.00